Holiday Quiz

Random Holiday or City Quiz
Score 0/25 Timer 07:00
4 Plays Today
% Correct
New York City, United States
98.4%
London, United Kingdom
95.4%
Paris, France
94.6%
Sydney, Australia
93.6%
Moscow, Russia
87.2%
Athens, Greece
79.5%
Rome, Italy
78.3%
Berlin, Germany
76.8%
Las Vegas, United States
75.4%
Rio de Janeiro, Brazil
63%
Beijing, China
62.3%
Venice, Italy
60.4%
Giza, Egypt
57.6%
% Correct
Amsterdam, Netherlands
55.8%
Dubai, United Arab Emirates
53.6%
Chicago, United States
50.1%
Kuala Lumpur, Malaysia
43%
Hong Kong, China
24.5%
Prague, Czech Republic
24.1%
Tokyo, Japan
23.3%
Bangkok, Thailand
23%
Toronto, Canada
10.4%
Vienna, Austria
9.8%
Barcelona, Spain
8.5%
Jakarta, Indonesia
3.9%
Remove Ads.
Support Sporcle.
Get the best of Sporcle when you Go Orange. This ad-free experience offers more features, more stats, and more fun while also helping to support Sporcle. Thank you for becoming a member.

You're not logged in!

Compare scores with friends on all Sporcle quizzes.
OR
Log In

Show Comments

Extras

Top Quizzes Today


Score Distribution

Your Account Isn't Verified!

In order to create a playlist on Sporcle, you need to verify the email address you used during registration. Go to your Sporcle Settings to finish the process.

Report this User

Report this user for behavior that violates our Community Guidelines.

Details: